K niektorým aspektom teoretického vymedzenia podpory exportu

Otázky súvisiace s rámcovým vymedzením nástrojov podpory exportu a vzájomnému vzťahu zahraničnoobchodnej politiky a podpory exportu. Motívy uplatňovania proexportnej politiky. Zahraničnoobchodná politika, proexportná politika a podpora exportu.

Gespeichert in:
Bibliographische Detailangaben
1. Verfasser: Csabay, Marek
Format: Buchkapitel
Sprache:Slowakisch
Schlagworte:
Tags: Tag hinzufügen
Keine Tags, Fügen Sie das erste Tag hinzu!

MARC

LEADER 00000naa$a2200000$$$4500
001 0013138
005 20220729110321.1
041 0 |a slo 
044 |a SK 
245 1 0 |a K niektorým aspektom teoretického vymedzenia podpory exportu  |c aut. Marek Csabay 
520 |a Otázky súvisiace s rámcovým vymedzením nástrojov podpory exportu a vzájomnému vzťahu zahraničnoobchodnej politiky a podpory exportu. Motívy uplatňovania proexportnej politiky. Zahraničnoobchodná politika, proexportná politika a podpora exportu. 
610 2 0 |a podpora vývozu 
610 2 0 |a politika zahraničnoobchodná 
610 2 0 |a politika hospodárska 
610 2 0 |a konkurencia medzinárodná 
610 2 0 |a nástroje finančné 
610 2 0 |a podpora podnikania 
610 2 0 |a výkonnosť ekonomiky 
100 1 |a Csabay, Marek